000 00399nam a2200145Ia 4500
008 211109s9999||||xx |||||||||||||| ||und||
082 _a894.8122
_bKES-S
100 _aKesava Pillai, K C
245 0 _aSadharama
260 _bMagalodayam Limted
_aTrichur
_c1963
300 _a168p.
630 _xGeneral Stack
650 _aMalayalam literature
_vMalayalam dramaLiterature
_xGeneralia
942 _cBOOK
999 _c27532
_d27532